000
00299nam a2200109Ia 4500
008
230907s9999||||xx |||||||||||||| ||und||
082
_a
621.3
_b
WRI
245
0
_a
Electrical power system protection /
260
_a
Springer-Science,; Chapman & Hall,
_b
London :
_c
1993
300
_a
530 p.
942
_c
BK
999
_c
600793
_d
600793